| 000 | 00450nam a22001697a 4500 | ||
|---|---|---|---|
| 003 | NUST | ||
| 005 | 20220817120317.0 | ||
| 008 | 220817b ||||| |||| 00| 0 eng d | ||
| 020 | _a9781989059357 | ||
| 038 | _aAzhar | ||
| 082 |
_a158.4 _bKIN |
||
| 100 |
_aKing, Lisa, _997729 |
||
| 245 |
_aJust do you : authenticity, leadership, & your personal brand _cLisa King, |
||
| 260 |
_aCanada _bIngenium books _c2019 |
||
| 300 | _a178p | ||
| 942 |
_2ddc _cLC |
||
| 999 |
_c591147 _d591147 |
||